[Event "POL-ch U18"]
[Site "Murzasichle"]
[Date "2011.03.11"]
[Round "8"]
[White "Bartoszek, Michal"]
[Black "Somyk, Marcin"]
[Result "1/2-1/2"]
[WhiteElo "1664"]
[BlackElo "1934"]
[PlyCount "77"]
[EventDate "2011.03.05"]
[EventType "swiss"]
[EventRounds "9"]
[EventCountry "POL"]
[SourceTitle "EXT 2012"]
[Source "ChessBase"]
[SourceDate "2011.11.24"]
[SourceVersion "1"]
[SourceVersionDate "2011.11.24"]
[SourceQuality "1"]

1. d4 d5 2. c4 e6 3. Nc3 Nf6 4. Bg5 Be7 5. Nf3 0-0 6. e3 h6 7. Bh4 Ne4 8. Bxe7 Qxe7 9. cxd5 Nxc3 10. bxc3 exd5 11. Qb3 Rd8 12. Bd3 Be6 13. Qxb7 Nd7 14. Qb2 Bg4 15. Be2 Nb6 16. Ne5 Bxe2 17. Qxe2 Qa3 18. 0-0 f6 19. Ng6 Nc4 20. Nf4 c6 21. Ne6 Rd7 22. Nc5 Re7 23. Qc2 Rb8 24. Rab1 Rb5 25. Rxb5 cxb5 26. Qf5 Nb6 27. Qc2 Kf7 28. Rb1 a6 29. h4 h5 30. Rb3 Qa5 31. Qh7 Qxa2 32. Qxh5+ Kg8 33. Qd1 Nc4 34. Rb1 Ra7 35. Ra1 Qb2 36. Rb1 Qxc3 37. Qh5 Ne5 38. Qe8+ Kh7 39. Qh5+ 1/2-1/2

[Event "POL-ch U18"]
[Site "Murzasichle"]
[Date "2011.03.10"]
[Round "7"]
[White "Parol, Pawel"]
[Black "Bartoszek, Michal"]
[Result "1/2-1/2"]
[WhiteElo "1869"]
[BlackElo "1664"]
[PlyCount "170"]
[EventDate "2011.03.05"]
[EventType "swiss"]
[EventRounds "9"]
[EventCountry "POL"]
[SourceTitle "EXT 2012"]
[Source "ChessBase"]
[SourceDate "2011.11.24"]
[SourceVersion "1"]
[SourceVersionDate "2011.11.24"]
[SourceQuality "1"]

1. e4 c5 2. Nf3 g6 3. c4 Nc6 4. d4 cxd4 5. Nxd4 Nf6 6. Nc3 d6 7. Be3 Ng4 8. Nxc6 Nxe3 9. Nxd8 Nxd1 10. Rxd1 Kxd8 11. c5 Be6 12. cxd6 exd6 13. e5 Rc8 14. Be2 Kc7 15. exd6+ Kb8 16. Bf3 Rd8 17. Ne4 Bxa2 18. 0-0 f5 19. Nc5 Rxd6 20. Nxb7 Rxd1 21. Rxd1 Bb4 22. Rd4 Re8 23. g3 Re1+ 24. Kg2 Be7 25. Na5 Kc7 26. Ra4 Be6 27. Nc6 Bc5 28. Nxa7 Bd7 29. Rc4 Kd6 30. Nc6 Bxc6 31. Bxc6 Re2 32. b4 Rxf2+ 33. Kg1 Bb6 34. Kh1 Rf1+ 35. Kg2 Rf2+ 36. Kh1 Be3 37. h4 Rf1+ 38. Kg2 Rf2+ 39. Kh1 Rf1+ 40. Kh2 Rb1 41. b5 Rb2+ 42. Kh1 Rb1+ 43. Kg2 Rb2+ 44. Kf3 Bb6 45. g4 Rb3+ 46. Ke2 fxg4 47. Rxg4 Rh3 48. Re4 Bc5 49. Rc4 Re3+ 50. Kd2 Rb3 51. Re4 Rh3 52. Ke2 Bb6 53. Rf4 Bc5 54. Rg4 Bb6 55. Bf3 Bd8 56. Rd4+ Ke7 57. Bc6 Bb6 58. Rd7+ Kf6 59. Rxh7 Rb3 60. Rh8 Kg7 61. Re8 Rb4 62. Re7+ Kf6 63. Rh7 Bc5 64. h5 gxh5 65. Rxh5 Bg1 66. Kd3 Ke6 67. Rd5 Rb1 68. Kc2 Rb4 69. Kc3 Rb1 70. Rd2 Bb6 71. Rh2 Ba5+ 72. Kc2 Rf1 73. Rh6+ Rf6 74. Rh8 Kd6 75. Kb3 Rf4 76. Rh5 Rb4+ 77. Ka3 Rd4 78. Rh2 Kc5 79. Rh5+ Kd6 80. Kb3 Rb4+ 81. Kc2 Rd4 82. Rf5 Rd2+ 83. Kb3 Rd4 84. Rf2 Rb4+ 85. Kc2 Rd4 1/2-1/2

[Event "POL-ch U18"]
[Site "Murzasichle"]
[Date "2011.03.09"]
[Round "6"]
[White "Bartoszek, Michal"]
[Black "Grochulski, Grzegorz"]
[Result "0-1"]
[WhiteElo "1664"]
[BlackElo "2069"]
[PlyCount "78"]
[EventDate "2011.03.05"]
[EventType "swiss"]
[EventRounds "9"]
[EventCountry "POL"]
[SourceTitle "EXT 2012"]
[Source "ChessBase"]
[SourceDate "2011.11.24"]
[SourceVersion "1"]
[SourceVersionDate "2011.11.24"]
[SourceQuality "1"]

1. d4 Nf6 2. c4 c5 3. d5 e6 4. Nc3 exd5 5. cxd5 d6 6. g3 g6 7. Bg2 Bg7 8. Nf3 0-0 9. 0-0 Re8 10. Nd2 a6 11. a4 Nbd7 12. Nc4 Ne5 13. Nxe5 Rxe5 14. e4 b6 15. Re1 Rb8 16. Bf4 Re8 17. h3 Nh5 18. Be3 b5 19. axb5 axb5 20. Qd2 b4 21. Ne2 Nf6 22. f3 Bd7 23. Ra7 Ra8 24. Rea1 Rxa7 25. Rxa7 Qb8 26. Ra5 Qc7 27. Ra1 Bb5 28. Rc1 Qa5 29. Kf2 Qa6 30. Rc2 Nd7 31. Bf4 Bd3 32. Rc1 Bxe2 33. Qxe2 Qxe2+ 34. Kxe2 Bxb2 35. Rc2 Be5 36. Bxe5 Nxe5 37. f4 Nd7 38. Kd2 Ra8 39. Bf1 f6 0-1

[Event "Chojnice op-B"]
[Site "Chojnice"]
[Date "2009.07.15"]
[Round "7"]
[White "Zbrzezny, Tomasz"]
[Black "Bartoszek, Michal"]
[Result "1/2-1/2"]
[WhiteElo "1850"]
[BlackElo "1615"]
[PlyCount "58"]
[EventDate "2009.07.11"]
[EventType "swiss"]
[EventRounds "9"]
[EventCountry "POL"]
[SourceTitle "EXT 2011"]
[Source "ChessBase"]
[SourceDate "2010.11.26"]
[SourceVersion "1"]
[SourceVersionDate "2010.11.26"]
[SourceQuality "1"]

1. d4 d5 2. c4 e6 3. Nc3 Nf6 4. Bg5 Nbd7 5. e3 c6 6. Nf3 Qa5 7. Bxf6 Nxf6 8. a3 dxc4 9. Bxc4 Nd5 10. Qc1 Nxc3 11. Qxc3 Qxc3+ 12. bxc3 Bd6 13. e4 0-0 14. e5 Be7 15. 0-0 b6 16. a4 Rd8 17. Rfd1 Rb8 18. Be2 Bd7 19. Nd2 c5 20. Bb5 Be8 21. Nf3 Kf8 22. Kf1 f6 23. Bxe8 Kxe8 24. Ke2 Rbc8 25. Rac1 Kf7 26. h4 h5 27. g3 Bf8 28. Ke3 Rc7 29. Ke2 Rcc8 1/2-1/2

[Event "POL-ch PL+LU U13"]
[Site "Augustow"]
[Date "2007.10.13"]
[Round "9.6"]
[White "Buzun, Rafal"]
[Black "Bartoszek, Michal"]
[Result "1/2-1/2"]
[WhiteElo "1800"]
[BlackElo "1618"]
[PlyCount "49"]
[EventDate "2007.10.08"]
[EventType "swiss"]
[EventRounds "9"]
[EventCountry "POL"]
[SourceTitle "EXT 2023"]
[Source "ChessBase"]
[SourceDate "2022.10.05"]
[SourceVersion "1"]
[SourceVersionDate "2022.10.05"]
[SourceQuality "1"]

1. e4 c5 2. Nf3 d6 3. d4 cxd4 4. Qxd4 Nc6 5. Bb5 Bd7 6. Bxc6 Bxc6 7. Nc3 h6 8. Be3 Nf6 9. Nd2 a6 10. f3 e6 11. Qd3 Be7 12. Qe2 Qc7 13. Qf2 d5 14. exd5 Nxd5 15. Nxd5 Bxd5 16. c3 b5 17. a3 Rc8 18. 0-0 0-0 19. Kh1 Bd6 20. Bb6 Qb7 21. Be3 Kh8 22. Qh4 Be7 23. Qh3 Kh7 24. Qg3 Bf6 25. Qf2 1/2-1/2

[Event "POL-ch PL+LU U13"]
[Site "Augustow"]
[Date "2007.10.11"]
[Round "6.4"]
[White "Bartoszek, Michal"]
[Black "Milewski, Karol"]
[Result "1/2-1/2"]
[WhiteElo "1618"]
[BlackElo "1800"]
[PlyCount "62"]
[EventDate "2007.10.08"]
[EventType "swiss"]
[EventRounds "9"]
[EventCountry "POL"]
[SourceTitle "EXT 2023"]
[Source "ChessBase"]
[SourceDate "2022.10.05"]
[SourceVersion "1"]
[SourceVersionDate "2022.10.05"]
[SourceQuality "1"]

1. d4 Nf6 2. c4 g6 3. Nc3 d6 4. e4 Bg7 5. f3 c6 6. Be3 0-0 7. Qd2 e5 8. d5 Ne8 9. g4 cxd5 10. Nxd5 Nc7 11. Rd1 Be6 12. Ne2 Bxd5 13. cxd5 Nd7 14. Ng3 b6 15. Kf2 a5 16. Be2 Nc5 17. Rc1 f5 18. Bxc5 bxc5 19. gxf5 Qh4 20. Rcg1 gxf5 21. Kg2 f4 22. Nf5 Rxf5 23. exf5 Rb8 24. a3 e4 25. Qe1 exf3+ 26. Kxf3 Rb3+ 27. Kg2 Qh3+ 28. Kf2 Kh8 29. Rxg7 Kxg7 30. Qg1+ Kf6 31. Qg8 Qe3+ 1/2-1/2